Dreamcatcher song by lyrics #3 - Statistics

General Stats
  • This quiz has been taken 35 times
  • The average score is 6 of 12
Answer Stats
Lyrics Songs % Correct
(Fake it, break it) Fly High (날아올라)
85%
Easy come easy go but nae geon anijyo tongjeungeun jamshigo Every dog has his day BEcause
82%
Stay with me tonight This is a nightmare Demian
73%
deo dagaoji ma Don't wanna see your blood Silent Night
73%
ima demo anata ga suki yo My love, my love, my love I miss you
61%
(To hold to cherish, Uh wanna hold to cherish ah) Playground (Gahyeon Solo)
55%
neon jigeum jalhago isseo Tension
52%
nan nege nama inneun gieok soge Color shideureoga baraen geu ireumeul Oh tell me R.o.S.E Blue
42%
kkok gieokalkke neol dashi mannal su itge neol Full Moon
30%
saeropge bakkwieo My heart boreul kkojibeobwado Real Wonderland
30%
machimnae gin gin haessari jeomulgo neoreul channeun babogateun nal wihae kkok Fireflies
27%
shigani orae jinagamyeon da itketjyo i biga geuchyeodo nan yeogi isseulkeyo Rainy day (이 비가 그칠 때면)
21%
No matching quizzes found
Score Distribution
Percent of People with Each Score
Percentile by Number Answered
Your Score History
You have not taken this quiz